| 000 | 00380nam a2200169Ia 4500 | ||
|---|---|---|---|
| 008 | 170705s9999 xx 000 0 und d | ||
| 020 | _a9780153075254 | ||
| 245 | _aStellaluna / | ||
| 245 | _cby Janell Cannon. | ||
| 260 | _aOrlando : | ||
| 260 | _bScholastic, | ||
| 260 | _c1993 | ||
| 300 | _aunpaged : | ||
| 300 | _bchiefly colored ; | ||
| 300 | _c25cm. | ||
| 500 | _a550 | ||
| 999 |
_c337334 _d337334 |
||